Aj v Sociálnej poisťovni máme svoj účet

Povinnosť viesť individuálny účet poistenca a sprostredkovať poistencovi na jeho žiadosť informáciu o tom, aké údaje o ňom Sociálna poisťovňa eviduje, bola Sociálnej poisťovni uložená zákonom č. 461/2003 Z. z. o sociálnom poistení s účinnosťou od 1. januára 2004.

Na minha lista:
Detalhes bibliográficos
Autor principal: Macháčová, Katarína
Formato: Capítulo de Livro
Idioma:eslovaco
Assuntos:
Tags: Adicionar Tag
Sem tags, seja o primeiro a adicionar uma tag!

MARC

LEADER 00000naa a2200000 4500
001 0136570
005 20220729111729.0
041 0 |a slo 
044 |a SK 
245 1 0 |a Aj v Sociálnej poisťovni máme svoj účet  |c Katarína Macháčová 
520 |a Povinnosť viesť individuálny účet poistenca a sprostredkovať poistencovi na jeho žiadosť informáciu o tom, aké údaje o ňom Sociálna poisťovňa eviduje, bola Sociálnej poisťovni uložená zákonom č. 461/2003 Z. z. o sociálnom poistení s účinnosťou od 1. januára 2004. 
610 2 0 |a poistenie sociálne 
610 2 0 |a poistenie nemocenské 
610 2 0 |a poistenie dôchodkové 
610 2 0 |a účty osobné dôchodkové 
610 2 0 |a účty osobné zdravotné 
610 2 0 |a politika poistná 
610 2 0 |a poistenci 
610 2 0 |a poisťovne sociálne 
610 2 0 |a zákony 
100 1 |a Macháčová, Katarína